000 00753nam a2200289Ia 4500
005 20260324124700.0
008 008 260324s9999 xx 000 0 eng d
020 _a9781315253305
037 _aEBOOK
040 _aCRL
040 _beng
040 _cCRL
041 _2eng
041 _aeng
084 _qCRL
100 _aRuth Macrides
_91175097
245 0 _aHistory as Literature in Byzantium
245 0 _bPapers from the Fortieth Spring Symposium of Byzantine Studies, University of Birmingham, April 2007
260 _bTaylor and Francis
260 _c2010
365 _a
365 _b240
856 _uhttp://www.taylorfrancis.com/books/9781315253305
942 _cEBOOK
999 _c1769682
_d1769682